Géographie de l'Amérique du Sud par lettre - O - Statistiques

Statistiques générales
  • Ce quiz a été pris 46 fois
  • Le résultat moyen est 6 sur 20
Statistiques - réponses
Question Réponse % Correct
Le Brésil est le 1er producteur mondial de cet agrume Orange
98%
Culture typiquement méditerranéenne, dont l'Argentine a aujourd'hui la plus grande surface cultivée hors Europe et Moyen-Orient (30 000 ha) Olivier
76%
Action de rechercher activement de l'or, il peut être légal ou illégal, dans tous les cas il pollue gravement le milieu naturel Orpaillage
64%
Félin tacheté de relativement petite taille : citez l'une des deux espèces Ocelot | Oncille
52%
Fleuve majeur du continent qui traverse la Colombie et le Vénézuéla Orénoque
43%
Celui installé sur le Cerro Paranal, dans le désert d'Atacama, est l'un des plus grands du monde Observatoire
38%
Devise du Brésil, inspirée de la philosophie d'Auguste Comte Ordem e progresso
38%
Fleur nationale de la Colombie Orchidée
29%
Album de Tintin qui se déroule dans deux pays fictifs d'Amérique du Sud L'Oreille Cassée
26%
Appelé aussi sarigue, ou pian, c'est un marsupial dont on trouve plusieurs espèces en Amérique du Sud Opossum
24%
Dynastie des actuels prétendants au trône impérial du Brésil (branche d'une célèbre dynastie française) {Orléans}-Bragance
19%
Qualifie la République de l'Uruguay dans sa forme longue Orientale
14%
Fleuve frontière entre la Guyane et le Brésil Oyapock
12%
Film franco-italo-brésilien de Marcel Camus (1959, Palme d'Or à Cannes, Oscar du meilleur film étranger) qui réinvente mythe d'Orphée pendant le carnaval de Rio de Janeiro Orfeu Negro
10%
L'une des plus vieilles cités brésiliennes, dans le Pernambouc Olinda
7%
Cité coloniale du Minas Gerais, aujourd'hui encore très préservée. "Or noir" en portugais Ouro Preto
7%
L'un des pères de la patrie chilienne, son nom est d'origine irlandaise Bernardo O'Higgins
5%
Département et ville de Bolivie, dont le carnaval constitue l'un des événements culturels majeurs de la Bolivie Oruro
5%
Petit rongeur d'origine andine, élevé comme animal de compagnie ou de laboratoire Octodon
2%
Nom de la campagne d'assassinats et de lutte anti-guérilla conduite conjointement par les services secrets du Chili, de l'Argentine, de la Bolivie, du Brésil, du Paraguay et de l'Uruguay, avec le soutien tacite des États-Unis au milieu des années 1970 Opération Condor
2%
Aucun quiz correspondant
Distribution des résultats
% des personnes avec chaque résultat
Percentile par nombre de réponses
Votre historique - résultats
Vous n’avez pas pris ce quiz